Notas introductorias al estudio de los sistemas de información para la administración /

Obra sobre los sistemas de información (particularmente aquéllos que procesan electrónicamente los datos) dirigido a administradores. Contenido: Generalidades elementales; Toma de decisiones: planeación y control; Implantación y desarrollo de un sistema administrativo de información; Conclusiones.

সংরক্ষণ করুন:
গ্রন্থ-পঞ্জীর বিবরন
প্রধান লেখক: Lozano, Arturo (autor)
বিন্যাস: গ্রন্থ
ভাষা:স্প্যানিশ
সংস্করন:2a edición
মালা:(Cuaderno de Administración Pública ; 1-1985)
বিষয়গুলি:
ট্যাগগুলো: ট্যাগ যুক্ত করুন
কোনো ট্যাগ নেই, প্রথমজন হিসাবে ট্যাগ করুন!

MARC

LEADER 00000nam^a2200000^a^4500
001 000184716
005 20250521000000.0
009 20260310102126.685
037 |a Acervo ITESO - Biblioteca 
041 |a ESP 
082 |a 658. 00285  |b LOZ 
100 |a Lozano, Arturo  |e (autor) 
245 1 0 |a Notas introductorias al estudio de los sistemas de información para la administración /  |c A. Lozano. 
250 |a 2a edición 
264 |a México :  |b UNAM, Facultad de Ciencias Políticas y Sociales,  |c 1985 
300 |a 71 p. 
336 |a texto  |b txt  |2 rdacontenido 
337 |a sin mediación  |b n  |2 rdamedio 
338 |a volumen  |b nc  |2 rdasoporte 
440 1 |a (Cuaderno de Administración Pública ;  |v 1-1985) 
520 |a Obra sobre los sistemas de información (particularmente aquéllos que procesan electrónicamente los datos) dirigido a administradores. Contenido: Generalidades elementales; Toma de decisiones: planeación y control; Implantación y desarrollo de un sistema administrativo de información; Conclusiones. 
649 |a XX 
650 |a Información -  |x Administración 
650 |a Sistemas de Información 
650 |a Proceso Electrónico de Datos 
650 |a Informática 
650 |a Toma de Decisiones 
650 |a Planeación Administrativa 
650 |a Proceso Administrativo -  |x Dirección 
650 |a Administración 
650 |a Sistemas Computacionales 
650 |a Ingeniería Computacional 
650 |a Ciencias Administrativas 
910 |a Fondo General 
920 |a Impresos - Libros 
930 |a Colección General 
905 |a 101 
901 |a 0500125963  |b IT1  |c ACC  |u 20250521 
902 |a https://opac.biblio.iteso.mx/vufind/Record/000184716